The Later plays of Eugene O'Neill (Record no. 11727)
[ view plain ]
| 000 -LEADER | |
|---|---|
| fixed length control field | 00670nam a2200217Ia 4500 |
| 005 - DATE AND TIME OF LATEST TRANSACTION | |
| control field | 20221213121713.0 |
| 008 - FIXED-LENGTH DATA ELEMENTS--GENERAL INFORMATION | |
| fixed length control field | 131103s9999 xx 000 0 und d |
| 040 ## - CATALOGING SOURCE | |
| Original cataloging agency | Loreto College |
| 041 ## - LANGUAGE CODE | |
| Language code | English |
| 082 ## - DDC | ডিউই | |
| Classification number | বর্গসংখ্যা | 812.52 |
| Book Number | গ্রন্থাঙ্ক | ONE |
| 100 ## - MAIN ENTRY--PERSONAL NAME | মুখ্য সংলেখ - ব্যাক্তিনাম | |
| Personal name | ব্যাক্তিনাম | O'Neill,Eugene |
| 245 #4 - TITLE STATEMENT | অাখ্যা বিবরণী | |
| Title | অাখ্যা | The Later plays of Eugene O'Neill |
| Statement of responsibility | লেখকের দায়িত্বের বিবরণ | edited by Travis Bogard |
| 260 ## - IMPRINT | প্রকাশনা ক্ষেত্র | |
| Place of publication | প্রকাশ স্থান | New York |
| Name of publisher | প্রকাশকের নাম | The Modern Library |
| Date of publication | প্রকাশ কাল | c 1967 |
| 300 ## - PHYSICAL DESCRIPTION | | |
| Page / Vol. No | পৃষ্ঠা / খন্ড সংখ্যা | xxxii,409 p. |
| Other physical details | অনান্য বাহ্যিক বিবরণ | illus. |
| 440 ## - SERIES STATEMENT |গ্রন্থমালা | |
| Series Title | গ্রন্থমালা অাখ্যা | Modern Library College Editions |
| 504 ## - BIBLIOGRAPHY, ETC. NOTE | |
| Bibliography, etc | Ab,Wilderness!/A touch of the poet/Hughie/A Moon for the Misbegotten |
| 650 ## - SUBJECT ADDED ENTRY--TOPICAL TERM | বিষয় শিরোনাম - মূল বিষয় | |
| Topical term | মূল বিষয় | American Drama - Collections |
| 700 ## - ADDED ENTRY--PERSONAL NAME | অতিরিক্ত সংলেখ - ব্ | |
| Personal name | ব্যাক্তিনাম | Bogard,Travis,ed. |
| 850 ## - HOLDING INSTITUTION | |
| Holding institution | LCLIB |
| 942 ## - ADDED ENTRY ELEMENTS (KOHA) | |
| Koha item type | Books |
| Withdrawn status | Lost status | Source of classification | Damaged status | Not for loan | Home library | Current library | Date acquired | Total Checkouts | Full call number | Accession No. | Date last seen | Price effective from | Koha item type | Coded location qualifier | Date checked out |
|---|---|---|---|---|---|---|---|---|---|---|---|---|---|---|---|
| Dewey Decimal Classification | Loreto College | Loreto College | 04/11/2013 | 812.52 ONE 28036 | B11635 | 04/11/2013 | 04/11/2013 | Books | |||||||
| Dewey Decimal Classification | Loreto College | Loreto College | 04/11/2013 | 1 | 812.52 ONE 16602 | B16703 | 13/05/2025 | 04/11/2013 | Books | 07/05/2025 |